000 00589nam a2200169Ia 4500
999 _c10520
_d10520
008 200103s 1959 ||||xx |||||||||||||| ||und||
082 _a621.106
_bLEW
100 _aLewitt, E. H.
245 0 _aHydraulics and fluid mechanics
_ba text-book covering the syllabuses of the B.Sc. (eng.). I.C.E., and I.Mech.E. examinations in this subject
260 _bSir ISAAC Pitman & Sons, Ltd.
_c1959
_aLondon
300 _axiv, 732 p.: ill.
520 _aIncludes appendix and index
650 _aHydraulics
650 _aFluid mechanics
650 _aMechanical engineering
942 _cBK